Taiyab-Al Arf-Fi-Fan Al Sarf (Record no. 1034)

MARC details
000 -LEADER
fixed length control field 00573nam a2200241 a 4500
020 ## - INTERNATIONAL STANDARD BOOK NUMBER
ISBN
082 00 - DEWEY DECIMAL CLASSIFICATION NUMBER
Classification number 492.75
Author Cutter YUS
100 ## - MAIN ENTRY--AUTHOR NAME
Author name Yusuf, Aftimus
245 ## - TITLE STATEMENT
Title Taiyab-Al Arf-Fi-Fan Al Sarf
260 ## - PUBLICATION, DISTRIBUTION, ETC. (IMPRINT)
Place of publication Beirut
Name of publisher Matbatul Ameer
Year of publication 1908
300 ## - PHYSICAL DESCRIPTION
Number of Pages 379p
500 ## - GENERAL NOTE
General note includes index and biblioraphy
505 2# - FORMATTED CONTENTS NOTE
Formatted contents note Vocabulary
650 ## - SUBJECT ADDED ENTRY--TOPICAL TERM
Topical Term Arabic-Grammar
942 ## - ADDED ENTRY ELEMENTS (KOHA)
Koha item type Books
700 1# -
-- Yusuf, Aftimus
Holdings
Collection code Home library Current library Date acquired Cost, normal purchase price Full call number Accession Number Koha item type
  Henry Martyn Institute Library Henry Martyn Institute Library 02/12/2008 100.00 492.75 YUS 00338 Books
                   Copyright © 2026 | Henry Martyn Institute | Hyderabad | TS-500052 | INDIA | Implemented by hmi.edu.in
Hit-Count:

Powered by Koha